[Event "AUTO-INT-1042"]
[Site "http://www.queenalice.com/game.php?id=465484"]
[Date "2008.9.19"]
[Round "1"]
[White "dladuke7"]
[Black "bingchess"]
[Result "1-0"]
[WhiteElo "1493"]
[BlackElo "1503"]

1. e4 e5 2. Nf3 Nc6 3. Nc3 d6 4. Bc4 Nf6 5. O-O Bg4 6. h3 Bxf3 7. Qxf3 Nd4 8.
Qd1 Be7 9. Nd5 c6 10. Nxf6+ Bxf6 11. c3 Nb5 12. Bxb5 cxb5 13. d3 O-O 14. Qg4 h6
15. Bxh6 Rc8 16. Rae1 Re8 17. Re3 g6 18. Rf3 Kh7 19. Rxf6 Qxf6 20. Bg5 Qe6 21.
Qh4+ Kg8 22. Qh6 b4 23. cxb4 Rc2 24. Re1 Rxb2 25. Re3 f5 26. Rg3 fxe4 27. dxe4
Rf8 28. Be3 Kf7 29. Rf3+ Ke7 30. Qxf8+ Kd7 31. Rf6 Qxa2 32. Qxd6+ Ke8 33. Rf8#
1-0

[Event "AUTO-INT-1042"]
[Site "http://www.queenalice.com/game.php?id=465485"]
[Date "2008.9.19"]
[Round "1"]
[White "bingchess"]
[Black "MONTENEGRO"]
[Result "0-1"]
[WhiteElo "1475"]
[BlackElo "1597"]

1. d4 d5 2. c4 e6 3. e3 Nf6 4. Nf3 c6 5. c5 Be7 6. Nc3 O-O 7. Bd3 b6 8. cxb6
axb6 9. O-O Ba6 10. Re1 Bxd3 11. Qxd3 h6 12. Bd2 Na6 13. Ne5 Nb4 14. Qb1 Ne4 15.
Nxe4 dxe4 16. Qxe4 f5 17. Qb1 Nd5 18. Nxc6 Qd7 19. Ne5 Qe8 20. a3 Bf6 21. Qc2
Bxe5 22. dxe5 Rc8 23. Qd3 Rd8 24. Red1 Nf4 25. Qc4 Nd5 26. Bb4 Nxb4 27. Qxb4
Rxd1+ 28. Rxd1 Qh5 29. Qb3 Rc8 30. Qxe6+ Kh7 31. f3 Re8 32. Qd6 Qg5 33. Qxb6
Rxe5 34. Re1 f4 35. e4 Qh4 36. Rc1 Rg5 37. a4 Qh3 38. Rc2 Qh4 39. Qb4 Rg6 40. a5
Rd6 41. Rc1 Qe7 42. e5 Rd1+ 0-1

[Event "AUTO-INT-1042"]
[Site "http://www.queenalice.com/game.php?id=465486"]
[Date "2008.9.19"]
[Round "1"]
[White "MONTENEGRO"]
[Black "bingchess"]
[Result "1-0"]
[WhiteElo "1693"]
[BlackElo "1569"]

1. e4 Nc6 2. Nf3 d5 3. exd5 Qxd5 4. Nc3 Qd8 5. d4 Bg4 6. Be2 Nf6 7. h3 Bf5 8.
O-O e6 9. a3 Be7 10. Bf4 O-O 11. Nb5 Rc8 12. Bxc7 Qd7 13. Ne5 Nxe5 14. Bxe5 Bxc2
15. Qd2 a6 16. Nc3 Bb3 17. Rfc1 Bc4 18. Bxc4 Rxc4 19. Ne2 b5 20. Rxc4 bxc4 21.
Bxf6 Bxf6 22. Rd1 Rb8 23. Ng3 Qd5 24. Ne2 Bg5 25. f4 Bf6 26. Nc3 Qd6 27. Ne4 Qe7
28. Nxf6+ Qxf6 29. Qc3 Rc8 30. d5 Qxc3 31. bxc3 Rd8 32. Kf2 Rxd5 33. Rb1 g6 34.
Rb4 Ra5 35. a4 Rc5 36. Ke3 a5 37. Rb5 Rd5 38. Rxd5 exd5 39. Kd4 Kf8 40. Kxd5 Ke7
41. Kxc4 Kf6 42. Kb5 Kf5 43. c4 Kxf4 44. c5 Kg3 45. c6 Kxg2 46. c7 Kxh3 47.
c8=Q+ f5 48. Qc3+ Kg4 49. Kxa5 Kg5 50. Kb4 Kh5 51. a5 Kh6 52. a6 Kg5 53. a7 Kh6
54. a8=Q Kg5 55. Qg2+ Kh6 56. Qgh3+ Kg5 57. Qxh7 f4 58. Qf3 Kf5 59. Qhh3+ Ke5
60. Qc3+ 1-0

[Event "Challenge"]
[Site "http://www.queenalice.com/game.php?id=465711"]
[Date "2008.9.19"]
[Round "-"]
[White "Luke1416"]
[Black "bingchess"]
[Result "0-1"]
[WhiteElo "1497"]
[BlackElo "1526"]

1. e4 e6 2. d4 d6 3. Nf3 b6 4. Nc3 Nd7 5. h3 Be7 6. Bb5 a6 7. Bxd7+ Qxd7 8. O-O
Bb7 9. Re1 Bd8 10. Bg5 Ne7 11. Bxe7 Bxe7 12. a3 O-O 13. b4 Bf6 14. e5 Be7 15.
exd6 cxd6 16. Nb1 Bc6 17. c3 h6 18. Nbd2 Rac8 19. Nc4 Rb8 20. a4 b5 21. axb5
axb5 22. Na5 Rfc8 23. Nxc6 Qxc6 24. Qd3 Qc4 25. Qxc4 Rxc4 26. Ra7 Bd8 27. Rc1
Rc7 28. Rxc7 Bxc7 29. g4 f6 30. Nd2 Ra8 31. Ne4 Kh8 32. c4 bxc4 33. Rxc4 Ra7 34.
b5 d5 35. Rc6 dxe4 36. Rxe6 Ra1+ 37. Kg2 Rb1 38. Rxe4 Rxb5 39. f4 Bd6 40. f5 Kh7
41. h4 g6 42. fxg6+ Kxg6 43. Re6 Rd5 44. Kf3 Rxd4 45. h5+ Kg5 46. Re4 Rxe4 47.
Kxe4 Kxg4 48. Kd5 f5 49. Kxd6 f4 50. Ke5 f3 51. Kf6 f2 52. Kg6 f1=Q 53. Kxh6
Qf6+ 54. Kh7 Qg5 55. h6 Kf5 56. Kh8 Kf6 57. Kh7 Qg6+ 58. Kh8 Qxh6+ 0-1

[Event "Lemmy fingabowls"]
[Site "http://www.queenalice.com/game.php?id=470158"]
[Date "2008.9.29"]
[Round "-"]
[White "dallascow"]
[Black "bingchess"]
[Result "1-0"]
[WhiteElo "1189"]
[BlackElo "1504"]

1. Na3 a6 2. c4 e5 3. d3 Bxa3 4. bxa3 d6 5. Nf3 f5 6. e4 fxe4 7. dxe4 Qe7 8. Bg5
Nf6 9. Qb3 Be6 10. Qxb7 Qd7 11. Qxa8 O-O 12. Rb1 Nc6 13. Qxa6 Nxe4 14. Bd3 Nc5
15. Qb5 Nxd3+ 16. Kd2 Nxf2 17. Rhf1 Ne4+ 18. Kc1 Nxg5 19. Kb2 Ne4 20. Qa4 Bg4
21. Rbd1 Nd4 22. Qxd7 Bxd7 23. Nxd4 exd4 24. Rxf8+ Kxf8 25. g4 Bxg4 26. Rxd4 Nf2
27. Rf4+ Kg8 28. Rxf2 Be6 29. Kc3 c5 30. a4 d5 31. cxd5 Bxd5 32. Rf5 Bxa2 33.
Rxc5 Bb1 34. a5 Be4 35. a6 g6 36. Rc8+ Kg7 37. a7 Bb7 38. Rc7+ 1-0

[Event "The Aborted Fetus"]
[Site "http://www.queenalice.com/game.php?id=480986"]
[Date "2008.10.22"]
[Round "-"]
[White "dallascow"]
[Black "bingchess"]
[Result "0-1"]
[WhiteElo "1343"]
[BlackElo "1517"]

1. e3 e5 2. d4 e4 3. Nc3 d5 4. Qh5 g6 5. Qe5+ Qe7 6. Qxh8 Nf6 7. Nh3 Bxh3 8.
gxh3 Nbd7 9. Nb5 O-O-O 10. a3 Bh6 11. Nxa7+ Kb8 12. Nc6+ bxc6 13. Qxd8+ Qxd8 14.
Bd2 c5 15. dxc5 Nxc5 16. f4 d4 17. Bc4 dxe3 18. Bxe3 Ne6 19. O-O c5 20. Rad1 Qc7
21. b4 cxb4 22. Rb1 Bf8 23. axb4 Qxc4 24. Ra1 Bxb4 25. Ra4 Nd5 26. Ba7+ Kc8 27.
Bf2 Nexf4 28. Ra8+ Kb7 29. Rfa1 Bc5 30. Bxc5 Qxc5+ 31. Kf1 Qxc2 32. R8a7+ Kc6
33. R1a6+ Nb6 34. Ra2 Qd3+ 35. Kf2 Qf3+ 36. Ke1 e3 37. R7a3 Ng2+ 38. Rxg2 Qxg2
39. Rxe3 Qxh2 40. Kf1 Nd5 41. Re2 Qxh3+ 42. Rg2 Nf4 43. Kf2 Qxg2+ 44. Ke3 Nd5+
45. Kd4 Qd2+ 0-1

[Event "Challenge"]
[Site "http://www.queenalice.com/game.php?id=483188"]
[Date "2008.10.26"]
[Round "-"]
[White "GeorgeAlexander"]
[Black "bingchess"]
[Result "0-1"]
[WhiteElo "1425"]
[BlackElo "1558"]

1. e4 Nc6 2. d4 e6 3. Nc3 Bb4 4. Bd2 Nxd4 5. a3 Bxc3 6. Bxc3 e5 7. Nf3 d6 8. Qd2
Nf6 9. Bd3 O-O 10. O-O-O a6 11. Nxd4 Bg4 12. f3 Bd7 13. Nf5 d5 14. Qg5 Bxf5 15.
Qxf5 d4 16. Bb4 Re8 17. f4 g6 18. Qg5 a5 19. Be1 exf4 20. Qxf4 c5 21. Bh4 Nh5
22. Bxd8 Nxf4 23. Bg5 Nxg2 24. Bb5 Rxe4 25. Bd3 Re5 26. h4 Kg7 27. Rhg1 Ne3 28.
Bxe3 dxe3 29. h5 Rxh5 30. Be4 Re8 31. Bxb7 e2 32. Rde1 f6 33. Rg2 Re7 34. Bf3
Rf5 35. Bxe2 h5 36. Rf1 Rg5 37. Rgf2 f5 38. Rd1 h4 39. Rd5 Rg1+ 40. Bf1 h3 41.
Rd1 Re3 42. Rh2 Rf3 43. Bxh3 Rxd1+ 44. Kxd1 g5 45. Bg2 Rf2 46. Ke1 Rxc2 47. Rh5
Rxg2 48. b4 axb4 49. a4 b3 50. Rh1 b2 51. Kf1 Rc2 0-1

[Event "Challenge"]
[Site "http://www.queenalice.com/game.php?id=488686"]
[Date "2008.11.6"]
[Round "-"]
[White "Mahalael"]
[Black "bingchess"]
[Result "0-1"]
[WhiteElo "1568"]
[BlackElo "1541"]

1. e4 e6 2. Nf3 Nc6 3. Nc3 e5 4. Bc4 Nf6 5. Ng5 d5 6. exd5 Nd4 7. d6 Be6 8. d3
Bxc4 9. dxc4 Bxd6 10. Nd5 O-O 11. c3 Nc6 12. h4 h6 13. Nf3 Re8 14. b4 e4 15. Nd4
Nxd4 16. cxd4 Nxd5 17. cxd5 Bxb4+ 18. Bd2 a5 19. Qg4 Bxd2+ 20. Kxd2 Qxd5 21. Rh3
Qxd4+ 22. Rd3 Qxd3+ 23. Ke1 e3 24. Rd1 exf2+ 25. Kxf2 Qe3+ 26. Kf1 f5 27. Qh5
Rad8 28. Rc1 Qxc1+ 29. Kf2 Rd3 30. Qxe8+ Kh7 31. h5 Qc2+ 32. Kg1 Qc1+ 33. Kh2
Qf4+ 34. Kh1 Rd1+ 0-1

[Event "Challenge"]
[Site "http://www.queenalice.com/game.php?id=495632"]
[Date "2008.11.20"]
[Round "-"]
[White "Luke1416"]
[Black "bingchess"]
[Result "0-1"]
[WhiteElo "1570"]
[BlackElo "1558"]

1. e4 e5 2. Nf3 Nf6 3. d3 Nc6 4. h3 Nd4 5. Nxd4 exd4 6. Bg5 h6 7. Bxf6 Qxf6 8.
a3 d6 9. Be2 Be6 10. O-O d5 11. exd5 Bxd5 12. Bf3 c6 13. Bxd5 cxd5 14. Nd2 Be7
15. Re1 O-O 16. Nf3 Bd6 17. g3 Rac8 18. b3 a5 19. h4 b5 20. Qd2 Qxf3 21. Qxa5
Rxc2 22. Rf1 Bxg3 23. Qe1 Re2 24. fxg3 Qg2# 0-1

[Event "Challenge"]
[Site "http://www.queenalice.com/game.php?id=498611"]
[Date "2008.11.26"]
[Round "-"]
[White "dallascow"]
[Black "bingchess"]
[Result "0-1"]
[WhiteElo "1293"]
[BlackElo "1574"]

1. Nc3 g6 2. e3 Bg7 3. d4 e6 4. Nf3 Ne7 5. Bc4 O-O 6. e4 c6 7. d5 Bxc3+ 8. bxc3
b5 9. Bd3 exd5 10. exd5 Nxd5 11. Qd2 Re8+ 12. Be2 a5 13. O-O b4 14. cxb4 Nxb4
15. Qh6 f6 16. Bc4+ d5 17. Bd3 Nxd3 18. Ba3 Bg4 19. cxd3 Bxf3 20. gxf3 Nd7 21.
Rac1 Ne5 22. f4 Nxd3 23. Rxc6 Qd7 24. Rxf6 Qg4+ 25. Kh1 Nxf2+ 26. Rxf2 Re1+ 27.
Rf1 Rxf1# 0-1

[Event "Challenge"]
[Site "http://www.queenalice.com/game.php?id=498612"]
[Date "2008.11.26"]
[Round "-"]
[White "dallascow"]
[Black "bingchess"]
[Result "0-1"]
[WhiteElo "1278"]
[BlackElo "1579"]

1. e4 d6 2. Bc4 Nf6 3. Nc3 a6 4. Qf3 c6 5. Nh3 Nbd7 6. Ng5 d5 7. exd5 Ne5 8. Qg3
Nxc4 9. Nce4 cxd5 10. Nxf6+ gxf6 11. Nh3 e5 12. d3 Nb6 13. d4 exd4 14. Bf4 Nc4
15. O-O Nxb2 16. Rfe1+ Be6 17. Rab1 Bb4 18. Qg7 Rf8 19. Bh6 Kd7 20. Re2 Rg8 21.
Qxh7 Bxh3 22. Qxf7+ Be7 23. Qe6+ Kc7 24. Qxh3 Rh8 25. Rxb2 Bf8 26. Bf4+ Bd6 27.
Qf5 Bxf4 28. Qxf4+ Qd6 29. Re7+ Kc6 30. Qxd6+ Kxd6 31. Rexb7 Rhe8 32. Rb1 Rac8
33. R7b6+ Kd7 34. Rxa6 Rb8 35. Rxb8 Re1# 0-1

[Event "Challenge"]
[Site "http://www.queenalice.com/game.php?id=502790"]
[Date "2008.12.4"]
[Round "-"]
[White "GeorgeAlexander"]
[Black "bingchess"]
[Result "1-0"]
[WhiteElo "1492"]
[BlackElo "1585"]

1. Nc3 Nf6 2. d4 d5 3. Bg5 Ne4 4. Nf3 h6 5. Bf4 e6 6. e3 Bd6 7. Bb5+ Bd7 8. Qd3
O-O 9. O-O a6 10. Bxd7 Qxd7 11. Ne5 Bxe5 12. Bxe5 Nc6 13. Nxe4 dxe4 14. Qxe4
Nxe5 15. Qxe5 c6 16. Qa5 Qd8 17. Qxd8 Rfxd8 18. c4 b6 19. c5 bxc5 20. Rfd1 c4
21. Rac1 Rab8 22. b3 cxb3 23. Rxc6 bxa2 24. Rxa6 Rb1 25. Rf1 Rb2 26. h4 Kh7 27.
g3 Rd6 28. Rxd6 Rb1 29. Ra6 Rb2 30. Kg2 Kg6 31. Ra1 Rb1 32. R1xa2 Kh7 33. Ra1
Rxa1 34. Rxa1 Kg6 35. f4 f5 36. Re1 Kf6 37. e4 g6 38. e5+ Kf7 39. Rc1 Ke7 40.
Rc7+ 1-0

[Event "Challenge"]
[Site "http://www.queenalice.com/game.php?id=503624"]
[Date "2008.12.5"]
[Round "-"]
[White "Luke1416"]
[Black "bingchess"]
[Result "0-1"]
[WhiteElo "1569"]
[BlackElo "1565"]

1. e4 b6 2. Nf3 Bb7 3. d3 d6 4. h3 g6 5. Be2 Bg7 6. O-O Nf6 7. a3 Nbd7 8. Nc3
O-O 9. Bd2 a6 10. b4 e6 11. Bg5 Qe8 12. Bxf6 Bxf6 13. Qd2 Ne5 14. b5 a5 15. a4
Qd7 16. d4 Nxf3+ 17. Bxf3 Rfe8 18. d5 exd5 19. exd5 Rac8 20. Bg4 Bxc3 21. Qxc3
Qd8 22. Bxc8 Qxc8 23. Rfe1 Bxd5 24. Rxe8+ Qxe8 25. Qxc7 Qe4 26. Qxd6 Qxg2# 0-1

[Event "Challenge"]
[Site "http://www.queenalice.com/game.php?id=525963"]
[Date "2009.1.20"]
[Round "-"]
[White "dallascow"]
[Black "bingchess"]
[Result "0-1"]
[WhiteElo "1488"]
[BlackElo "1595"]

1. e3 d6 2. d4 g6 3. Nf3 Bg7 4. Bd3 Bg4 5. O-O Nf6 6. Nc3 Nbd7 7. Ng5 Bxd1 8.
Nxd1 O-O 9. b4 Nd5 10. e4 Bxd4 11. Rb1 Nc3 12. Nxc3 Bxc3 13. Bc4 Qe8 14. Bb2
Bxb2 15. Rxb2 Ne5 16. Bxf7+ Nxf7 17. Ne6 Qd7 18. Nxf8 Rxf8 19. h3 Qe6 20. Re1
Ne5 21. Rf1 Nc4 22. Rb3 Qxe4 23. f3 Qxc2 24. Rbb1 Nd2 25. Rfc1 Qd3 26. Rd1 Qe3+
27. Kh1 Nxb1 28. Rxb1 Qa3 29. Rf1 Qxb4 30. Re1 Qxe1+ 31. Kh2 Qe2 32. a4 Rxf3 33.
a5 Qe5+ 0-1

[Event "Pool hall round 2. Gabe v Jim."]
[Site "http://www.queenalice.com/game.php?id=549311"]
[Date "2009.3.2"]
[Round "-"]
[White "sevendaymill"]
[Black "bingchess"]
[Result "1-0"]
[WhiteElo "1491"]
[BlackElo "1582"]

1. e4 e5 2. d4 exd4 3. Qxd4 Nc6 4. Qe3 Nf6 5. f3 Be7 6. Bb5 a6 7. Bxc6 dxc6 8.
Qg5 h6 9. Qxg7 Rh7 10. Qg3 c5 11. Be3 c4 12. Qf2 Be6 13. Qd2 Qxd2+ 14. Bxd2 Rg7
15. g4 Bc5 16. Bxh6 Rh7 17. Bg5 Bb4+ 18. c3 Bc5 19. Bxf6 Bxg1 20. Rxg1 Rxh2 21.
Nd2 Rh6 22. Be5 c6 23. g5 Rg6 24. f4 Bd7 25. Nxc4 Rd8 26. Rh1 Be6 27. Rh8+ Ke7
28. Bf6+ Kd7 29. Rxd8+ Kc7 30. Ne5 Rxf6 31. gxf6 Kxd8 32. b3 Kc7 33. f5 1-0

[Event "AUTO-INT-1226"]
[Site "http://www.queenalice.com/game.php?id=549644"]
[Date "2009.3.3"]
[Round "1"]
[White "bingchess"]
[Black "Jhones"]
[Result "0-1"]
[WhiteElo "1505"]
[BlackElo "1558"]

1. d4 d5 2. c4 Nf6 3. cxd5 Qxd5 4. Nc3 Qc4 5. e4 Qb4 6. Qd3 Nc6 7. a3 Qd6 8. Nf3
Ng4 9. Be3 g6 10. h3 Nxe3 11. Qxe3 f5 12. exf5 Bxf5 13. Bd3 Bxd3 14. Qxd3 Qe6+
15. Ne4 O-O-O 16. O-O Bg7 17. Nfg5 Qd5 18. Rad1 Qf5 19. d5 Rxd5 0-1

[Event "AUTO-INT-1226"]
[Site "http://www.queenalice.com/game.php?id=549645"]
[Date "2009.3.3"]
[Round "1"]
[White "Jhones"]
[Black "bingchess"]
[Result "1-0"]
[WhiteElo "1572"]
[BlackElo "1491"]

1. Nf3 Nf6 2. d4 g6 3. e4 Nxe4 4. Bd3 d5 5. Ng5 Nd6 6. O-O Bg7 7. Qf3 e6 8. Bf4
Bxd4 9. Bxd6 f6 10. Nf7 Kxf7 11. Bf4 Nc6 12. c3 Be5 13. Nd2 Bxf4 14. Qxf4 e5 15.
Qe3 a6 16. c4 Be6 17. Rac1 Qf8 18. cxd5 Bxd5 19. Bc4 Bxc4 20. Rxc4 1-0